[Event "Istanbul Open 2019"]
[Site "Istanbul"]
[Date "2019.08.31"]
[Round "7.17"]
[White "Hakkaki Fard, Pedram"]
[Black "Aslan, Nevzat"]
[Result "1/2-1/2"]
[WhiteElo "1720"]
[BlackElo "1680"]
[Annotator "NA"]
[PlyCount "123"]
[EventDate "2019.08.26"]
[EventType "swiss"]
[EventCountry "TUR"]
[SourceTitle "playchess.com"]
[Source "ChessBase"]
[SourceQuality "1"]
[TimeControl "5400+30"]

1. d4 {[%emt 0:03:30]} Nf6 {[%emt 0:00:30]} 2. Bf4 {[%emt 0:01:30]} d5 {[%emt 0:04:30]} 3. e3 {[%emt 0:00:30]} e6 {[%emt 0:01:30]} 4. Nd2 {[%emt 0:00:30]} c5 {[%emt 0:00:00]} 5. c3 {[%emt 0:00:30]} Bd6 {[%emt 0:04:00]} 6. Bg3 {[%emt 0:00:30]} O-O {[%emt 0:00:00]} 7. Bd3 {[%emt 0:00:00]} b6 {[%emt 0:01:00]} 8. Ngf3 {[%emt 0:14:00]} Ba6 {[%emt 0:05:30]} 9. Bxa6 {[%emt 0:05:30]} Nxa6 {[%emt 0:00:00]} 10. Qe2 {[%emt 0:00:30]} Nb8 {[%emt 0:08:00]} 11. e4 {[%emt 0:05:30]} Bxg3 {[%emt 0:27:30]} 12. hxg3 {[%emt 0:01:30]} dxe4 {[%emt 0:00:30]} 13. Nxe4 {[%emt 0:00:30]} Nbd7 {[%emt 0:00:30]} 14. O-O-O {[%emt 0:18:30]} Nxe4 {[%emt 0:00:30]} 15. Qxe4 {[%emt 0:00:30]} Nf6 {[%emt 0:00:30]} 16. Qh4 {[%emt 0:00:30]} Qd5 {[%emt 0:00:30]} 17. g4 {[%emt 0:13:30]} Qe4 {[%emt 0:02:30]} 18. Ne5 {[%emt 0:00:30]} cxd4 {[%emt 0:01:30]} 19. Rde1 {[%emt 0:13:55]} Qf4+ {[%emt 0:00:30]} 20. Kb1 {[%emt 0:00:00]} Rfd8 {[%emt 0:07:30]} 21. g3 {[%emt 0:04:07]} Qh6 {[%emt 0:04:30]} 22. Qxh6 {[%emt 0:00:30]} gxh6 {[%emt 0:00:00]} 23. Rxh6 {[%emt 0:00:27]} Kg7 {[%emt 0:00:00]} 24. Reh1 {[%emt 0:00:49]} Rh8 {[%emt 0:02:30]} 25. cxd4 {[%emt 0:04:56]} Rad8 {[%emt 0:00:30]} 26. g5 {[%emt 0:00:44]} Ne4 {[%emt 0:01:30]} 27. R6h4 {[%emt 0:00:59]} Nxg5 {[%emt 0:12:10]} 28. Rf4 {[%emt 0:03:51]} f6 {[%emt 0:01:30]} 29. Ng4 {[%emt 0:00:29]} Rhf8 {[%emt 0:01:21]} 30. Rc1 {[%emt 0:00:46]} Rd7 {[%emt 0:00:48]} 31. Rc6 {[%emt 0:02:30]} Nh3 {[%emt 0:04:19]} 32. Re4 {[%emt 0:01:35]} Ng5 {[%emt 0:01:01]} 33. Rf4 {[%emt 0:01:19]} h5 {[%emt 0:02:34]} 34. Ne3 {[%emt 0:00:42]} Rfd8 {[%emt 0:00:51]} 35. d5 {[%emt 0:00:44]} Rd6 {[%emt 0:02:55]} 36. Rc7+ {[%emt 0:00:53]} R8d7 {[%emt 0:01:39]} 37. Rfc4 {[%emt 0:00:25]} Kg6 {[%emt 0:00:31]} 38. dxe6 {[%emt 0:00:37]} Nxe6 {[%emt 0:00:17]} 39. Rc8 {[%emt 0:00:20]} Rd8 {[%emt 0:01:27]} 40. R8c6 {[%emt 0:00:36]} R8d7 {[%emt 0:00:59]} 41. Rc8 {[%emt 0:00:36]} Rd8 {[%emt 0:00:44]} 42. Rxd8 {[%emt 0:00:30]} Rxd8 {[%emt 0:00:00]} 43. Re4 {[%emt 0:00:03]} Rd6 {[%emt 0:00:42]} 44. f4 {[%emt 0:00:33]} Ng7 {[%emt 0:01:11]} 45. Re7 {[%emt 0:00:45]} Nf5 {[%emt 0:00:47]} 46. Nxf5 {[%emt 0:00:39]} Kxf5 {[%emt 0:00:06]} 47. Rxa7 {[%emt 0:00:08]} h4 {[%emt 0:00:50]} 48. gxh4 {[%emt 0:00:53]} Kxf4 {[%emt 0:00:02]} 49. Rg7 {[%emt 0:00:38]} Rd5 {[%emt 0:00:35]} 50. Rg6 {[%emt 0:00:23]} Kf5 {[%emt 0:00:21]} 51. h5 {[%emt 0:00:32]} Rd1+ {[%emt 0:00:30]} 52. Kc2 {[%emt 0:00:30]} Rh1 {[%emt 0:00:01]} 53. Rh6 {[%emt 0:00:00]} Kg5 {[%emt 0:01:02]} 54. Rg6+ {[%emt 0:00:29]} Kf5 {[%emt 0:00:00]} 55. Rh6 {[%emt 0:00:29]} Kg5 {[%emt 0:00:00]} 56. Rh8 {[%emt 0:01:00]} Rh2+ {[%emt 0:00:30]} 57. Kc3 {[%emt 0:00:39]} Rh3+ {[%emt 0:00:11]} 58. Kd4 {[%emt 0:00:17]} Rh2 {[%emt 0:00:48]} 59. h6 {[%emt 0:00:26]} Rxb2 {[%emt 0:00:00]} 60. h7 {[%emt 0:01:04]} Kg6 {[%emt 0:00:00]} 61. Rf8 {[%emt 0:00:23]} Kxh7 {[%emt 0:00:29]} 62. Rxf6 {[%emt 0:00:00]} 1/2-1/2

[Event "Istanbul Open 2019"]
[Site "Istanbul"]
[Date "2019.08.31"]
[Round "7.18"]
[White "Can, Ilhan"]
[Black "Uyanik, Toygun"]
[Result "1-0"]
[WhiteElo "1683"]
[BlackElo "1566"]
[Annotator "NA"]
[PlyCount "99"]
[EventDate "2019.08.26"]
[EventType "swiss"]
[EventCountry "TUR"]
[SourceTitle "playchess.com"]
[Source "ChessBase"]
[SourceQuality "1"]
[TimeControl "5400+30"]

1. e4 {[%emt 0:00:30]} e6 {[%emt 0:00:30]} 2. d4 {[%emt 0:00:30]} d5 {[%emt 0:00:00]} 3. Nd2 {[%emt 0:00:00]} c5 {[%emt 0:02:00]} 4. c3 {[%emt 0:00:00]} Nc6 {[%emt 0:04:30]} 5. Ngf3 {[%emt 0:00:30]} cxd4 {[%emt 0:09:30]} 6. Nxd4 {[%emt 0:02:30]} Bd7 {[%emt 0:01:30]} 7. exd5 {[%emt 0:02:30]} exd5 {[%emt 0:00:30]} 8. N2f3 {[%emt 0:00:30]} Nf6 {[%emt 0:04:30]} 9. Bd3 {[%emt 0:00:30]} Be7 {[%emt 0:00:30]} 10. O-O {[%emt 0:01:30]} O-O {[%emt 0:00:00]} 11. Re1 {[%emt 0:00:30]} Bg4 {[%emt 0:03:00]} 12. Qa4 {[%emt 0:01:30]} Nxd4 {[%emt 0:10:30]} 13. Nxd4 {[%emt 0:00:30]} Bd6 {[%emt 0:01:30]} 14. Bg5 {[%emt 0:02:30]} Bd7 {[%emt 0:02:30]} 15. Qc2 {[%emt 0:00:30]} h6 {[%emt 0:02:30]} 16. Bxf6 {[%emt 0:10:30]} Qxf6 {[%emt 0:00:30]} 17. Bf5 {[%emt 0:00:30]} Be8 {[%emt 0:09:30]} 18. Rad1 {[%emt 0:01:30]} g6 {[%emt 0:02:30]} 19. Bh3 {[%emt 0:00:30]} Bc6 {[%emt 0:04:30]} 20. b4 {[%emt 0:04:30]} Be5 {[%emt 0:07:30]} 21. a4 {[%emt 0:05:30]} Rad8 {[%emt 0:10:30]} 22. b5 {[%emt 0:03:30]} Bd7 {[%emt 0:01:30]} 23. Bxd7 {[%emt 0:00:00]} Rxd7 {[%emt 0:00:30]} 24. Re3 {[%emt 0:00:00]} Rc8 {[%emt 0:01:30]} 25. Qe2 {[%emt 0:01:30]} Re7 {[%emt 0:02:13]} 26. Re1 {[%emt 0:02:30]} Rce8 {[%emt 0:00:30]} 27. Nf3 {[%emt 0:02:30]} Bd6 {[%emt 0:00:58]} 28. Qd3 {[%emt 0:00:30]} Rxe3 {[%emt 0:02:09]} 29. Rxe3 {[%emt 0:00:30]} Rxe3 {[%emt 0:00:42]} 30. Qxe3 {[%emt 0:00:30]} Qf5 {[%emt 0:01:32]} 31. g3 {[%emt 0:00:30]} b6 {[%emt 0:01:49]} 32. Kg2 {[%emt 0:00:30]} Kg7 {[%emt 0:05:05]} 33. Qd4+ {[%emt 0:02:30]} f6 {[%emt 0:01:45]} 34. c4 {[%emt 0:00:30]} Bc5 {[%emt 0:01:19]} 35. Qxd5 {[%emt 0:00:30]} Qc2 {[%emt 0:00:27]} 36. Qd7+ {[%emt 0:01:30]} Kf8 {[%emt 0:02:53]} 37. Qc8+ {[%emt 0:01:30]} Ke7 {[%emt 0:01:11]} 38. Qb7+ {[%emt 0:00:30]} Kf8 {[%emt 0:00:31]} 39. Qb8+ {[%emt 0:00:00]} Ke7 {[%emt 0:00:36]} 40. Qc7+ {[%emt 0:00:00]} Kf8 {[%emt 0:00:32]} 41. Qd8+ {[%emt 0:00:30]} Kf7 {[%emt 0:00:20]} 42. Qd7+ {[%emt 0:00:30]} Kf8 {[%emt 0:00:08]} 43. Qd2 {[%emt 0:01:30]} Qxc4 {[%emt 0:01:42]} 44. Qxh6+ {[%emt 0:00:30]} Kf7 {[%emt 0:00:30]} 45. Qh7+ {[%emt 0:00:00]} Kf8 {[%emt 0:00:00]} 46. Qxg6 {[%emt 0:00:00]} Qe2 {[%emt 0:00:48]} 47. Qxf6+ {[%emt 0:00:30]} Kg8 {[%emt 0:00:46]} 48. Ng5 {[%emt 0:00:30]} Qh5 {[%emt 0:01:55]} 49. h4 {[%emt 0:00:30]} Qe8 {[%emt 0:00:35]} 50. Qe6+ {[%emt 0:00:30]} 1-0

[Event "Istanbul Open 2019"]
[Site "Istanbul"]
[Date "2019.08.31"]
[Round "7.19"]
[White "Goker, Abdulkadir"]
[Black "Rodriguez Fuentes, Kenan Rafael"]
[Result "1-0"]
[WhiteElo "1670"]
[BlackElo "1508"]
[Annotator "NA"]
[PlyCount "115"]
[EventDate "2019.08.26"]
[EventType "swiss"]
[EventCountry "TUR"]
[SourceTitle "playchess.com"]
[Source "ChessBase"]
[SourceQuality "1"]
[TimeControl "5400+30"]

1. d4 {[%emt 0:00:30]} Nf6 {[%emt 0:00:30]} 2. c4 {[%emt 0:00:30]} g6 {[%emt 0:00:30]} 3. Nf3 {[%emt 0:00:30]} d5 {[%emt 0:00:30]} 4. g3 {[%emt 0:00:30]} Bg7 {[%emt 0:00:30]} 5. Bg2 {[%emt 0:00:30]} O-O {[%emt 0:00:30]} 6. O-O {[%emt 0:00:30]} c6 {[%emt 0:00:30]} 7. cxd5 {[%emt 0:00:30]} Nxd5 {[%emt 0:00:30]} 8. Nc3 {[%emt 0:00:30]} Nb6 {[%emt 0:00:30]} 9. Bf4 {[%emt 0:00:30]} Bg4 {[%emt 0:01:30]} 10. Ne5 {[%emt 0:08:30]} Be6 {[%emt 0:00:30]} 11. Rc1 {[%emt 0:11:30]} N8d7 {[%emt 0:00:30]} 12. b3 {[%emt 0:04:30]} Nxe5 {[%emt 0:03:30]} 13. Bxe5 {[%emt 0:00:30]} Bxe5 {[%emt 0:01:30]} 14. dxe5 {[%emt 0:03:30]} Qxd1 {[%emt 0:01:30]} 15. Rfxd1 {[%emt 0:00:30]} Rfd8 {[%emt 0:00:30]} 16. Ne4 {[%emt 0:00:30]} Nd7 {[%emt 0:04:30]} 17. f4 {[%emt 0:04:30]} Bd5 {[%emt 0:00:00]} 18. Kf2 {[%emt 0:20:30]} a5 {[%emt 0:02:00]} 19. Ng5 {[%emt 0:08:30]} Nb6 {[%emt 0:14:30]} 20. e4 {[%emt 0:01:30]} Be6 {[%emt 0:07:30]} 21. Nxe6 {[%emt 0:00:30]} fxe6 {[%emt 0:00:00]} 22. Ke3 {[%emt 0:00:30]} a4 {[%emt 0:01:00]} 23. Rxd8+ {[%emt 0:11:30]} Rxd8 {[%emt 0:00:30]} 24. bxa4 {[%emt 0:00:00]} Nxa4 {[%emt 0:00:30]} 25. Rc4 {[%emt 0:00:00]} Ra8 {[%emt 0:03:30]} 26. Rc2 {[%emt 0:11:36]} Nb6 {[%emt 0:05:30]} 27. Bf1 {[%emt 0:00:04]} Ra3+ {[%emt 0:00:30]} 28. Kd2 {[%emt 0:00:06]} Kf7 {[%emt 0:03:30]} 29. Bd3 {[%emt 0:02:20]} Na4 {[%emt 0:00:30]} 30. g4 {[%emt 0:04:37]} b5 {[%emt 0:07:30]} 31. Rxc6 {[%emt 0:01:50]} Rxa2+ {[%emt 0:00:30]} 32. Rc2 {[%emt 0:00:35]} Rxc2+ {[%emt 0:00:30]} 33. Bxc2 {[%emt 0:00:19]} Nc5 {[%emt 0:06:30]} 34. Kc3 {[%emt 0:00:09]} Na6 {[%emt 0:00:30]} 35. Kd4 {[%emt 0:01:19]} Ke8 {[%emt 0:07:30]} 36. Bd3 {[%emt 0:01:19]} Nb4 {[%emt 0:04:30]} 37. Bxb5+ {[%emt 0:00:30]} Kf8 {[%emt 0:00:30]} 38. Kc3 {[%emt 0:00:59]} Na2+ {[%emt 0:00:30]} 39. Kb2 {[%emt 0:00:23]} Nb4 {[%emt 0:00:30]} 40. Kb3 {[%emt 0:00:30]} Nd5 {[%emt 0:00:30]} 41. exd5 {[%emt 0:00:30]} exd5 {[%emt 0:00:00]} 42. Kc3 {[%emt 0:00:00]} e6 {[%emt 0:00:00]} 43. Kd4 {[%emt 0:00:00]} Kf7 {[%emt 0:00:00]} 44. Bd3 {[%emt 0:00:00]} Ke7 {[%emt 0:00:00]} 45. f5 {[%emt 0:00:21]} gxf5 {[%emt 0:00:30]} 46. gxf5 {[%emt 0:00:30]} exf5 {[%emt 0:00:00]} 47. Bxf5 {[%emt 0:00:00]} h5 {[%emt 0:00:00]} 48. h4 {[%emt 0:00:00]} Kd8 {[%emt 0:00:00]} 49. Kxd5 {[%emt 0:00:11]} Ke7 {[%emt 0:00:00]} 50. Bg6 {[%emt 0:00:00]} Kd7 {[%emt 0:00:00]} 51. Bxh5 {[%emt 0:00:23]} Ke7 {[%emt 0:00:00]} 52. e6 {[%emt 0:00:00]} Kd8 {[%emt 0:00:00]} 53. Kd6 {[%emt 0:00:00]} Kc8 {[%emt 0:00:00]} 54. e7 {[%emt 0:00:22]} Kb7 {[%emt 0:00:30]} 55. e8=Q {[%emt 0:00:30]} Ka7 {[%emt 0:00:00]} 56. Qb5 {[%emt 0:00:00]} Ka8 {[%emt 0:00:00]} 57. Bf3+ {[%emt 0:00:00]} Ka7 {[%emt 0:00:30]} 58. Qb7# {[%emt 0:00:00]} 1-0

[Event "Istanbul Open 2019"]
[Site "Istanbul"]
[Date "2019.08.31"]
[Round "8.1"]
[White "Kamer, Kayra"]
[Black "Arat, Ufuk Sezen"]
[Result "1-0"]
[WhiteElo "2306"]
[BlackElo "2390"]
[Annotator "TA"]
[PlyCount "34"]
[EventDate "2019.08.26"]
[EventType "swiss"]
[EventCountry "TUR"]
[SourceTitle "playchess.com"]
[Source "ChessBase"]
[SourceQuality "1"]

{[%evp 11,34,15,26,8,11,0,50,0,6,0,0,0,0,-18,0,0,22,31,42,38,47,61,96,22,68]} 1. e4 c6 2. d4 d5 3. f3 dxe4 4. fxe4 e5 5. Nf3 Bg4 6. Bc4 Nd7 7. O-O {[#] Bxf7+! is the strong threat. B12: Caro-Kann: Advance Variation} Ngf6 8. c3 {Hoping for Qb3.} b5 (8... Qc7 9. Qb3 O-O-O 10. Nbd2 Bd6 11. h3 Bh5 12. Ng5 Rhf8 13. Nxf7 Bxf7 14. Bxf7 exd4 15. cxd4 {½-½ (38) Gagunashvili,M (2588)-Paichadze,L (2554) Tbilisi 2017}) 9. Bb3 {White is slightly better.} Bd6 ({Much worse is} 9... exd4 $6 10. cxd4 Qb6 11. Be3 $16) 10. a4 O-O 11. axb5 cxb5 12. Qe1 $146 ({Predecessor:} 12. Bg5 Qc7 13. Qd3 a6 14. Nbd2 Bh5 {½-½ (52) Nielsen,H (2354)-Halldorsson,B (2103) Runavik 2017}) 12... Qb6 13. Be3 Bxf3 ({Don't blunder} 13... Nxe4 $2 14. Bd5 $18) 14. gxf3 b4 {next ...bxc3 is good for Black.} 15. Nd2 {aiming for dxe5.} bxc3 16. bxc3 Rac8 {[#]} 17. Bc4 (17. Nc4 $1 $16 {[%cal Rc4b6]} Qxb3 18. Nxd6) 17... Qb8 {Accuracy: White = 33%, Black = 39%.} 1-0

[Event "Istanbul Open 2019"]
[Site "Istanbul"]
[Date "2019.08.31"]
[Round "8.2"]
[White "Nuri, Murad"]
[Black "Yaran, Siar"]
[Result "1-0"]
[WhiteElo "2291"]
[BlackElo "2209"]
[Annotator "TA"]
[PlyCount "33"]
[EventDate "2019.08.26"]
[EventType "swiss"]
[EventCountry "TUR"]
[SourceTitle "playchess.com"]
[Source "ChessBase"]
[SourceQuality "1"]

{[%evp 11,33,0,7,0,14,0,3,0,0,0,22,8,8,0,20,26,43,35,18,27,43,38,41,36]} 1. e4 e5 2. Nf3 Nf6 3. Nc3 Nc6 4. Bb5 Nd4 5. Ba4 Nxf3+ 6. Qxf3 c6 7. Bb3 {C48: Four Knights: 4 Bb5, replies other than 4...Bb4} d6 8. h3 Be7 9. d3 {The position is equal.} O-O 10. O-O Nd7 11. Be3 Nc5 12. d4 Nxb3 13. axb3 {[#]} b6 $146 ({Predecessor:} 13... f5 14. dxe5 dxe5 15. Bxa7 {1-0 (25) Barbosa,E (2471)-Vajda,L (2601) Golden Sands 2014}) 14. Rfd1 {Threatens to win with dxe5.} Qc7 15. b4 Bb7 16. Qg4 Rfd8 17. Rd2 {Accuracy: White = 68%, Black = 50%.} 1-0

[Event "Istanbul Open 2019"]
[Site "Istanbul"]
[Date "2019.08.31"]
[Round "8.3"]
[White "Yarashov, Azat"]
[Black "Darban, Morteza"]
[Result "1/2-1/2"]
[WhiteElo "2156"]
[BlackElo "2280"]
[Annotator "NA"]
[PlyCount "37"]
[EventDate "2019.08.26"]
[EventType "swiss"]
[EventCountry "TUR"]
[SourceTitle "playchess.com"]
[Source "ChessBase"]
[SourceQuality "1"]
[TimeControl "5400+30"]

1. e4 {[%emt 0:03:30]} c6 {[%emt 0:02:30]} 2. Nc3 {[%emt 0:00:30]} d5 {[%emt 0:00:30]} 3. Nf3 {[%emt 0:00:30]} Nf6 {[%emt 0:00:30]} 4. e5 {[%emt 0:00:30]} Ne4 {[%emt 0:02:30]} 5. d3 {[%emt 0:07:30]} Nxc3 {[%emt 0:00:30]} 6. bxc3 {[%emt 0:00:30]} c5 {[%emt 0:11:30]} 7. h3 {[%emt 0:04:30]} Nc6 {[%emt 0:00:30]} 8. Qe2 {[%emt 0:00:00]} e6 {[%emt 0:07:30]} 9. g3 {[%emt 0:00:00]} Qa5 {[%emt 0:00:30]} 10. Bd2 {[%emt 0:03:30]} Qa4 {[%emt 0:00:30]} 11. Qd1 {[%emt 0:04:30]} h6 {[%emt 0:08:30]} 12. Bg2 {[%emt 0:00:30]} Bd7 {[%emt 0:00:30]} 13. O-O {[%emt 0:00:30]} Be7 {[%emt 0:00:30]} 14. Qb1 {[%emt 0:00:30]} O-O-O {[%emt 0:12:30]} 15. Qb3 {[%emt 0:06:30]} Nb8 {[%emt 0:05:30]} 16. c4 {[%emt 0:11:30]} dxc4 {[%emt 0:00:30]} 17. dxc4 {[%emt 0:00:30]} Bc6 {[%emt 0:00:30]} 18. Bc3 {[%emt 0:00:30]} b6 {[%emt 0:20:30]} 19. Rfd1 {[%emt 0:30:30]} 1/2-1/2

[Event "Istanbul Open 2019"]
[Site "Istanbul"]
[Date "2019.08.31"]
[Round "8.4"]
[White "Mammadov, Sadig"]
[Black "Shanava, Konstantine"]
[Result "0-1"]
[WhiteElo "2243"]
[BlackElo "2496"]
[Annotator "TA"]
[PlyCount "28"]
[EventDate "2019.08.26"]
[EventType "swiss"]
[EventCountry "TUR"]
[SourceTitle "playchess.com"]
[Source "ChessBase"]
[SourceQuality "1"]

{[%evp 14,28,61,50,45,18,46,0,22,9,9,12,17,24,54,-46,0]} 1. e4 c5 2. Nf3 d6 3. d4 cxd4 4. Nxd4 Nf6 5. Nc3 Nc6 6. Bg5 Bd7 7. Qd2 Rc8 8. Be2 a6 {B61: Sicilian: Richter-Rauzer: 6...Bd7 7 Qd2} 9. a4 $146 ({Predecessor:} 9. Bxf6 gxf6 10. Nf5 Qb6 11. O-O Bxf5 12. exf5 Nd4 13. Nd5 Qxb2 14. Rab1 Nxe2+ 15. Qxe2 Qxa2 16. Rfd1 {1-0 (27) Hracek,Z (2629)-Krakops,M (2530) Batumi 1999}) 9... h6 10. Be3 Nxd4 {The position is equal.} 11. Bxd4 e5 12. Be3 Be6 13. O-O g5 14. Nd1 (14. a5 $14) 14... Be7 {[%mdl 32768] Loss on time!?} 0-1

[Event "Istanbul Open 2019"]
[Site "Istanbul"]
[Date "2019.08.31"]
[Round "8.5"]
[White "Ozsakallioglu, Okan"]
[Black "Eren, Ataberk"]
[Result "0-1"]
[WhiteElo "2324"]
[BlackElo "2254"]
[Annotator "NA"]
[PlyCount "72"]
[EventDate "2019.08.26"]
[EventType "swiss"]
[EventCountry "TUR"]
[SourceTitle "playchess.com"]
[Source "ChessBase"]
[SourceQuality "1"]
[TimeControl "5400+30"]

1. d4 {[%emt 0:00:30]} d5 {[%emt 0:00:30]} 2. Nf3 {[%emt 0:00:30]} Nf6 {[%emt 0:00:30]} 3. c4 {[%emt 0:02:30]} c6 {[%emt 0:00:00]} 4. Nc3 {[%emt 0:00:30]} dxc4 {[%emt 0:00:00]} 5. a4 {[%emt 0:00:30]} Bf5 {[%emt 0:00:30]} 6. e3 {[%emt 0:00:30]} e6 {[%emt 0:00:00]} 7. Bxc4 {[%emt 0:00:00]} Bb4 {[%emt 0:00:00]} 8. O-O {[%emt 0:00:00]} Nbd7 {[%emt 0:00:00]} 9. Qe2 {[%emt 0:00:30]} O-O {[%emt 0:00:00]} 10. e4 {[%emt 0:00:30]} Bg6 {[%emt 0:00:30]} 11. e5 {[%emt 0:00:30]} Nd5 {[%emt 0:00:30]} 12. Nxd5 {[%emt 0:00:30]} cxd5 {[%emt 0:00:30]} 13. Bd3 {[%emt 0:00:30]} Bxd3 {[%emt 0:00:30]} 14. Qxd3 {[%emt 0:00:30]} Be7 {[%emt 0:00:30]} 15. a5 {[%emt 0:00:30]} a6 {[%emt 0:00:30]} 16. Bd2 {[%emt 0:02:30]} Nb8 {[%emt 0:00:30]} 17. b4 {[%emt 0:06:30]} Qd7 {[%emt 0:00:30]} 18. b5 {[%emt 0:02:30]} Qxb5 {[%emt 0:03:30]} 19. Qxb5 {[%emt 0:00:30]} axb5 {[%emt 0:00:00]} 20. Rfb1 {[%emt 0:00:30]} b4 {[%emt 0:00:00]} 21. Bxb4 {[%emt 0:00:00]} Bxb4 {[%emt 0:02:30]} 22. Rxb4 {[%emt 0:00:00]} Nc6 {[%emt 0:00:00]} 23. Rxb7 {[%emt 0:00:00]} Rxa5 {[%emt 0:00:00]} 24. Rxa5 {[%emt 0:01:00]} Nxa5 {[%emt 0:00:00]} 25. Ra7 {[%emt 0:00:30]} Nc4 {[%emt 0:00:00]} 26. h4 {[%emt 0:00:00]} h6 {[%emt 0:03:30]} 27. g4 {[%emt 0:00:00]} Rb8 {[%emt 0:00:30]} 28. g5 {[%emt 0:00:30]} Nb2 {[%emt 0:06:30]} 29. h5 {[%emt 0:00:00]} Nd3 {[%emt 0:00:30]} 30. g6 {[%emt 0:01:00]} Rf8 {[%emt 0:14:30]} 31. Nh4 {[%emt 0:00:30]} Nf4 {[%emt 0:00:30]} 32. gxf7+ {[%emt 0:00:30]} Rxf7 {[%emt 0:00:30]} 33. Ra8+ {[%emt 0:00:30]} Kh7 {[%emt 0:00:30]} 34. Re8 {[%emt 0:00:30]} Nxh5 {[%emt 0:00:30]} 35. Rxe6 {[%emt 0:00:30]} Rf4 {[%emt 0:07:30]} 36. Ng2 {[%emt 0:00:30]} Rg4 {[%emt 0:05:30]} 0-1

[Event "Istanbul Open 2019"]
[Site "Istanbul"]
[Date "2019.08.31"]
[Round "8.6"]
[White "Mohannad, Farhan"]
[Black "Erdogan, Anil Berk"]
[Result "1/2-1/2"]
[WhiteElo "2151"]
[BlackElo "2144"]
[Annotator "TA"]
[PlyCount "39"]
[EventDate "2019.08.26"]
[EventType "swiss"]
[EventCountry "TUR"]
[SourceTitle "playchess.com"]
[Source "ChessBase"]
[SourceQuality "1"]

{[%evp 17,39,37,43,44,41,46,49,39,85,60,85,75,132,109,178,182,191,201,203,185,187,177,169,173]} 1. d4 Nf6 2. c4 c5 3. d5 e6 4. Nc3 exd5 5. cxd5 d6 6. Nf3 g6 7. Bf4 a6 8. a4 Bg7 9. e4 Bg4 10. Be2 {A70: Modern Benoni: 6 e4 g6 7 Nf3} Bxf3 11. Bxf3 Qe7 (11... O-O 12. O-O Ne8 13. Re1 Nd7 14. Be2 Rb8 15. Qc2 Qe7 16. Bf1 Nef6 17. Qd2 Rfe8 18. h3 Nh5 19. Bg5 Qf8 20. g4 h6 21. Be3 Nhf6 {0-1 (111) Chu,W (2387)-Idani,P (2590) Qinhuangdao 2019}) 12. O-O {White is slightly better.} Nfd7 13. Be2 $146 ({Predecessor:} 13. Qb3 Ne5 14. Be2 O-O 15. Bg3 g5 16. Nd1 f5 17. exf5 Rxf5 {1-0 (64) Makharadze,J (2334)-Barseghyan,H (2108) Poti 2014}) 13... O-O 14. Qd2 f5 (14... Nf6 $142) 15. Rae1 Ne5 (15... fxe4 $16 16. Bg4 Nf6) 16. Bg5 $18 {White is clearly better.} Bf6 17. Bxf6 Qxf6 18. f4 Nf7 {[#]} 19. exf5 $1 gxf5 20. Bh5 1/2-1/2

[Event "Istanbul Open 2019"]
[Site "Istanbul"]
[Date "2019.08.31"]
[Round "8.7"]
[White "Emir, Emirhan"]
[Black "Ozer, Omer Faruk"]
[Result "1/2-1/2"]
[WhiteElo "1952"]
[BlackElo "2357"]
[Annotator "TA"]
[PlyCount "32"]
[EventDate "2019.08.26"]
[EventType "swiss"]
[EventCountry "TUR"]
[SourceTitle "playchess.com"]
[Source "ChessBase"]
[SourceQuality "1"]

{[%evp 19,32,2,3,-2,6,-33,-28,-30,-12,-31,8,0,0,-10,-14]} 1. c4 e6 2. Nf3 Nf6 3. g3 b6 4. Bg2 Be7 5. b3 d5 6. Bb2 O-O 7. O-O Bb7 8. d3 c5 9. e3 Nc6 10. Qe2 Re8 11. Rd1 {A14: English Opening: 1...e6 with b3 by White} Bf8 12. Nbd2 e5 13. cxd5 Nxd5 14. a3 {[#]} g6 $146 ({Predecessor:} 14... Qd7 15. Rac1 f6 16. Ne4 Na5 17. Qc2 Rac8 18. Ba1 Qf7 {½-½ (41) Jianu,V (2565)-Shengelia,D (2543) Warsaw 2013}) 15. Nc4 {[%cal Rc4e5]} Bg7 16. Qc2 Rc8 1/2-1/2

[Event "Istanbul Open 2019"]
[Site "Istanbul"]
[Date "2019.08.31"]
[Round "8.8"]
[White "Abishli, Oghuz"]
[Black "Bayramov, Elvin"]
[Result "0-1"]
[WhiteElo "2038"]
[BlackElo "2198"]
[Annotator "TA"]
[PlyCount "18"]
[EventDate "2019.08.26"]
[EventType "swiss"]
[EventCountry "TUR"]
[SourceTitle "playchess.com"]
[Source "ChessBase"]
[SourceQuality "1"]

{[%evp 13,18,45,82,73,101,86,108]} 1. d4 Nf6 2. c4 g6 3. Nc3 Bg7 4. e4 O-O 5. Be2 c5 6. d5 d6 7. Nf3 e5 8. Be3 {E92: King's Indian: Classical: 6 Be2 e5: 7 dxe5, 7 Be3 and Petrosian System without 7...Nbd7} (8. O-O Ne8 9. Ne1 f5 10. exf5 gxf5 11. f4 Nd7 12. Nd3 e4 13. Nf2 Bxc3 14. bxc3 Ndf6 15. Be3 Ng7 16. Qe1 Bd7 17. Nd1 Ba4 18. h3 Bxd1 19. Qxd1 {0-1 (81) Keymer,V (2516)-Carlsen,M (2845) Karlsruhe/Baden Baden 2019}) 8... h6 9. Nd2 a6 $146 {[%mdl 32768] Loss on time!?} ({Predecessor:} 9... Nh7 10. f3 f5 11. a3 Nd7 12. b4 b6 13. Rb1 Ndf6 14. O-O f4 {0-1 (47) Haugli,P (2318)-Tzouganakis,P (2096) Rethymno 2012}) 0-1

[Event "Istanbul Open 2019"]
[Site "Istanbul"]
[Date "2019.08.31"]
[Round "8.9"]
[White "Tarhan, Adar"]
[Black "Ozbay, Ece"]
[Result "1-0"]
[WhiteElo "1949"]
[BlackElo "2125"]
[Annotator "RC"]
[PlyCount "85"]
[EventDate "2019.08.26"]
[EventType "swiss"]
[EventCountry "TUR"]
[SourceTitle "playchess.com"]
[Source "ChessBase"]
[SourceQuality "1"]
[TimeControl "5400+30"]

1. e4 c5 2. Nf3 e6 3. d4 cxd4 4. Nxd4 Nc6 5. Nc3 Qc7 6. g3 a6 7. Bg2 Nf6 8. O-O Nxd4 9. Qxd4 Bc5 10. Bf4 d6 11. Qd3 Ng4 12. Na4 Ne5 13. Qc3 b6 14. b4 Bd7 15. bxc5 Bxa4 16. Qd4 Qd7 17. cxd6 f6 18. Bxe5 fxe5 19. Qxe5 O-O 20. Qd4 Rac8 21. e5 Rxc2 22. Rac1 Rfc8 23. Rxc2 Rxc2 24. Qxb6 Bb5 25. Ra1 Qc8 26. Qe3 Rc3 27. Qe1 Qc5 28. Rd1 Bd7 29. Be4 g6 30. Bg2 Rc2 31. a4 Qc4 32. Qe3 Qxa4 33. Rb1 Qc4 34. Bf1 Qa4 35. Qa7 Rc8 36. Rb7 Rd8 37. Qxa6 Qxa6 38. Bxa6 Kf8 39. Bb5 Bxb5 40. Rxb5 Rd7 41. Rb8+ Kg7 42. Rc8 Kf7 43. Rc7 1-0